Представление документа в формате MARC21

ПолеНазваниеЗначение
  Тип записи a
  Библиографический уровень m
001 Контрольный номер RU/URAIT/586567
005 Дата корректировки 20260429163658.9
008 Кодируемые данные 260429s2026 RU y f j 000 0 rus u
020 Индекс ISBN __
a ISBN 978-5-534-06934-1
c Цена, тираж 1099.00
040 Источник каталогиз. __
a Служба первич. каталог. ИКО Юрайт
c Служба, преобразующая запись ИКО Юрайт
e Правила каталог. RCR
041 Код языка издания __
a Код языка текста rus
044 Код страны публикации __
a Код страны публикации RU
080 Индекс УДК __
a Индекс УДК 65.01(075.8)
084 Индекс другой классификации/Индекс ББК __
2 Источник индекса rubbk
a Индекс другой классификации/Индекс ББК 65.291я73
100 Автор __
a Автор Корягина И. А.
q Полное имя Корягина Инга Анатольевна
245 Заглавие __
a Заглавие Современные проблемы теории управления
b Продолж. заглавия учебник для вузов
c Ответственность И. А. Корягина, М. В. Хачатурян.
256 Характеристики компьютерного файла __
a Характеристики компьютерного файла Электрон. дан.
260 Выходные данные __
a Место издания Москва
b Издательство Юрайт
c Дата издания 2026
300 Физическое описание __
a Объем 188 с
440 Серия __
a Серия Высшее образование
500 Примечания __
a Примечание URL: https://urait.ru/bcode/586567 (дата обращения: 29.04.2026).
520 Аннотация __
a Аннотация Задача пособия — предоставить студентам бакалавриата возможности для анализа понятия «глобализация», его составляющих и оценки степени влияния процессов глобализации на формирование новых моделей управления как на уровне национального государства, так и на уровне организации. В книге анализируются основные механизмы, процессы и вызовы, определяющие теорию и практику управления на уровнях национальной экономической системы и отдельной организации. Рассматриваются важнейшие этапы становления механизмов и процессов экономической интеграции в рамках Евросоюза и Совета Экономической Взаимопомощи. Исследуются особенности управления процессами экономического взаимодействия между Россией и странами СНГ, а также ЕС; особенности трансформации системы управления отечественной экономикой в условиях вступления и членства в ВТО. Описаны основные характеристики процессов и механизмов управления особыми экономическими зонами как инструментами развития систем управления национальной экономикой и отдельной организацией.
538 Прим. о системных особенностях __
a Прим. о системных особенностях Режим доступа: Электронно-библиотечная система Юрайт, для авториз. пользователей
653 Ключевые слова __
a Ключевые слова Теория и история государственного и муниципального управления
653 Ключевые слова __
a Ключевые слова Государственное и муниципальное управление
653 Ключевые слова __
a Ключевые слова Теория управления
653 Ключевые слова __
a Ключевые слова Современные проблемы теории управления
653 Ключевые слова __
a Ключевые слова Современные проблемы менеджмента
653 Ключевые слова __
a Ключевые слова Современные теории и методы управления
653 Ключевые слова __
a Ключевые слова Государственный и муниципальный менеджмент
653 Ключевые слова __
a Ключевые слова Современные теории об управлении
653 Ключевые слова __
a Ключевые слова Актуальные проблемы муниципального менеджмента
700 Другие авторы __
a Другие авторы Хачатурян М. В.
q Полное имя Хачатурян Михаил Владимирович
856 Электронный адрес документа 40
n Местонахождение сервера Юрайт
g Электронная книга
q Тип электронного формата html
h Имя пользователя ЮРАЙТ
v Часы доступа к ресурсу 20271231
2 Способ доступа Показать документ
x Служебное примечание https://urait.ru/book/cover/C9A2C9C7-FF7E-4FCA-887D-B99BA53C1BE3
u URL https://urait.ru/bcode/586567
856 Электронный адрес документа 48
q Тип электронного формата cover
u URL https://urait.ru/book/cover/C9A2C9C7-FF7E-4FCA-887D-B99BA53C1BE3
911 __
u 0030=https://urait.ru/bcode/586567
911 __
u 073a=9785534069341
u 073d=1099.00
911 __
u 106a=s
911 __
u 900l=
952 Тип литературы __
i Дисциплина Теория управления
952 Тип литературы __
i Дисциплина Современные проблемы теории управления
952 Тип литературы __
i Дисциплина Современные проблемы менеджмента
952 Тип литературы __
i Дисциплина Современные теории и методы управления
952 Тип литературы __
i Дисциплина Государственный и муниципальный менеджмент
952 Тип литературы __
i Дисциплина Современные теории об управлении
952 Тип литературы __
i Дисциплина Актуальные проблемы муниципального менеджмента